Tourism Focused on Vegans and Vegetarians

Cieľom tejto kapitoly je uviesť čitateľa do problematiky cestovného ruchu zameraného na vegánov a vegetariánov uvedením európskych krajín s najvyšším počtom vegánskych a vegetariánskych reštaurácií, vybraných cestovných kancelárií zameraných na vegánskych a vegetariánskych spotrebiteľov a uvedením p...

Descripción completa

Guardado en:
Detalles Bibliográficos
Autor principal: Jarossová, Malgorzata Agnieszka, 1978-
Otros Autores: Kašťáková, Elena, 1974-
Formato: Capítulo de libro
Lenguaje:inglés
Materias:
Etiquetas: Agregar Etiqueta
Sin Etiquetas, Sea el primero en etiquetar este registro!

MARC

LEADER 00000naa$a2200000$$$4500
001 0298728
005 20240520132751.4
041 0 |a eng 
044 |a PL 
245 1 0 |a Tourism Focused on Vegans and Vegetarians  |c Elena Kašťáková, Malgorzata Agnieszka Jarossová 
520 |a Cieľom tejto kapitoly je uviesť čitateľa do problematiky cestovného ruchu zameraného na vegánov a vegetariánov uvedením európskych krajín s najvyšším počtom vegánskych a vegetariánskych reštaurácií, vybraných cestovných kancelárií zameraných na vegánskych a vegetariánskych spotrebiteľov a uvedením príkladov vegánskych /vegetariánske menu ponúkané dopravnými spoločnosťami. 
610 2 0 |a kancelárie cestovné 
610 2 0 |a ruch cestovný zážitkový 
610 2 0 |a potraviny 
610 2 0 |a spoločnosti dopravné 
100 1 |a Jarossová, Malgorzata Agnieszka, 1978- 
700 1 |a Kašťáková, Elena, 1974-